|
|
|
|
| LEADER |
00912nam a22002652a 4500 |
| 001 |
000351472 |
| 003 |
CZ BrMZK |
| 005 |
20150410105449.0 |
| 007 |
ta |
| 008 |
980105s1957 xr f cze d |
| 015 |
|
|
|a cnb000725615
|
| 035 |
|
|
|a (OCoLC)85458175
|
| 040 |
|
|
|a ABA001
|b cze
|c OSA001
|d BOA001
|
| 100 |
1 |
|
|a Kainar, Josef,
|d 1917-1971
|7 jk01052554
|4 aut
|
| 245 |
1 |
0 |
|a Český sen /
|c Josef Kainar
|
| 250 |
|
|
|a Vyd. 3., rozš.
|
| 260 |
|
|
|a Praha :
|b Československý spisovatel,
|c 1957
|
| 300 |
|
|
|a 86 s.
|
| 490 |
1 |
|
|a České básně ;
|v sv. 127
|
| 830 |
|
0 |
|a České básně (Československý spisovatel)
|0 s
|
| 856 |
4 |
1 |
|u http://www.digitalniknihovna.cz/mzk/uuid/uuid:140a9280-9212-11e2-9a08-005056827e52
|y Digitalizovaný dokument
|x NDK
|
| 910 |
|
|
|a BOA001
|b 2-0377.406
|
| 990 |
|
|
|a BK
|
| 991 |
|
|
|b 201410
|
| 996 |
6 |
|
|b 2619848646
|c 2-0377.406
|l MZK
|r Sklad / do 24 hodin
|n 13
|w 000351472
|u 000010
|a 1
|e BOA001
|j MZK50
|s P
|